|
|
|
|
| LEADER |
00000nam0a2200000 4500 |
| 001 |
329768 |
| 005 |
20231102004208.0 |
| 035 |
|
|
|a (RuTPU)RU\TPU\book\355536
|
| 090 |
|
|
|a 329768
|
| 100 |
|
|
|a 20170321d1972 k y0rusy50 ca
|
| 101 |
0 |
|
|a rus
|
| 102 |
|
|
|a RU
|
| 105 |
|
|
|a y z 000zy
|
| 200 |
1 |
|
|a Геологоразведочный научно-исследовательский институт, управляемый на общественных началах
|f С. Л. Шварцев
|g Томский политехнический институт (ТПИ)
|
| 210 |
|
|
|a Томск
|c Изд-во ТГУ
|d 1972
|
| 215 |
|
|
|a 12 с.
|c ил.
|
| 606 |
1 |
|
|a Томский политехнический университет
|2 stltpush
|3 (RuTPU)RU\TPU\subj\67475
|9 83260
|
| 610 |
1 |
|
|a геологоразведочный НИИ
|
| 610 |
1 |
|
|a структура
|
| 610 |
1 |
|
|a лаборатории
|
| 610 |
1 |
|
|a коллектив
|
| 610 |
1 |
|
|a труды учёных ТПУ
|
| 610 |
1 |
|
|a коллекция ТПУ
|
| 686 |
|
|
|a Ч484(2)72ТПУ
|v LBC/SL-A
|2 rubbk
|
| 700 |
|
1 |
|a Шварцев
|b С. Л.
|c российский гидрогеолог, доктор геолого-минералогических наук
|c профессор Томского политехнического университета, академик РАЕН
|f 1936-
|g Степан Львович
|2 stltpush
|3 (RuTPU)RU\TPU\pers\25914
|
| 712 |
0 |
2 |
|a Томский политехнический институт (ТПИ)
|c (1944-1991)
|2 stltpush
|3 (RuTPU)RU\TPU\col\1123
|
| 801 |
|
1 |
|a RU
|b 63413507
|c 20170321
|
| 801 |
|
2 |
|a RU
|b 63413507
|c 20210114
|g RCR
|
| 942 |
|
|
|c BK
|